000 00440nam a2200157Ia 4500
005 20250506145325.0
008 231217s9999 xx 000 0 und d
020 _a9780123742339
082 _a581.1 WAY;1 R
100 _aWayne, Randy.
245 0 _aPlant cell biology : from astronomy to zoology
260 _c2009
_bAcademic Press
_aBurlington
300 _axvi, 392
650 _aPlant,cell,biology,astronomy,zoology
942 _cAA
999 _c184762
_d184762